000
00341cam a2200145ua 4500
041
_a
eng
_h
082
_a
823.308
_b
LAW/SO
100
_a
Lawrence, D H .
245
_a
Sons and lovers /
_c
D H Lawrence.
_h
Textual Documents
260
_a
London :
_b
Collins ,
_c
1963.
300
_a
416 ; .
504
_a
942
_c
BK
999
_c
5128
_d
5128